Представление документа в формате RUSMARC

ПолеНазваниеЗначение
  Тип записи a
  Библиографический уровень m
001 Контрольный номер RU/CBS_UL/BASE/76e06ae0c2244cdaba6dbd0e6bec4420
005 Дата корректировки 20260429155624.1
010 Индекс ISBN __
a ISBN 978-5-94693-966-9
d Цена 81 р. 00 к.
9 Тираж экз.
b Уточнения в пер.
100 Данные общей обработки __
a Данные общей обработки 20140210d2014 ||| 0rusy0189 ca
101 Язык документа 0_
a Язык текста rus
102 Страна публикации __
a Страна публикации RU
105 Кодированные данные (монография) __
a Кодированные данные (монография) y###||||000|y
200 Заглавие и сведения об ответственности 1_
a Заглавие Моцарт. Личность. Творчество
b Общее обозначение материала Текст
g Последующие сведения об ответственности пер. с нем. Е. Зак
f Первые сведения об ответственности А. Эйнштейн
210 Выходные данные 1_
a Место издания Москва
c Издательство Русский шахматный дом
c Издательство Russian Chess House
d Дата издания 2021
215 Физическое описание __
a Объем 469 с.
d Формат 22 см.
c Иллюстрации/тип воспроизводства ил., ноты
225 Серия 2_
a Серия Великие о великих
300 Общие примечания __
a Общие примечания 12+
600 Персоналии _0
a Персоналии (Фамилия) Моцарт
b Персоналии (Имя, инициалы) В. А.
606 Тематические рубрики 0_
a Основная рубрика Моцарт, Вольфганг Амадей (1756-1791)
610 Ключевые слова 0_
a Ключевые слова музыканты великие
a Ключевые слова композиторы знаменитые
a Ключевые слова композиторы зарубежные
a Ключевые слова биографии музыкантов
a Ключевые слова оперы
a Ключевые слова музыка симфоническая
686 Индексы других классификаций __
a Классификационный индекс 85.313(3)
2 Код системы ББК
700 Автор _1
a Фамилия Эйнштейн
b Имя (инициалы) А.
g Полное личное имя Альберт
801 Источник записи _0
a Страна RU
b Организация МБУК ЦБС г. Ульяновска
c Дата составления 20140210
g Правила каталогизации RCR
801 Источник записи _1
a Страна RU
b Организация МБУК ЦБС г. Ульяновска
c Дата составления 20140210
g Правила каталогизации RCR
852 Данные о местонахождении __
i Авторский знак Э 34
j Шифр хранения 85.313(3)
900 Электронные ресурсы __
a Имя электронного ресурса моцарт личность
901 Тип документа __
t Тип документа m